Programas de segunda enseñanza : (Record no. 169484)

MARC details
000 -LEADER
campo de control de longitud fija 01087nam a2200265 i 4500
001 - NÚMERO DE CONTROL
campo de control 169484
003 - IDENTIFICADOR DE NÚMERO DE CONTROL
campo de control ES-MaACL
005 - FECHA Y HORA DE LA ÚLTIMA TRANSACCIÓN
campo de control 20250822034303.0
008 - DATOS DE LONGITUD FIJA--INFORMACIÓN GENERAL
campo de control de longitud fija 080918s1862 sp |||| | spa d
080 ## - NÚMERO DE LA CLASIFICACIÓN DECIMAL UNIVERSAL
Número de la Clasificación Decimal Universal 1(073)
100 1# - ENTRADA PRINCIPAL--NOMBRE DE PERSONA
Nombre de persona Sanz del Río, Julián,
Fechas asociadas al nombre 1814-1869
9 (RLIN) 132463
245 10 - MENCIÓN DEL TÍTULO
Título Programas de segunda enseñanza :
Resto del título psicología, lógica y ética /
Mención de responsabilidad, etc. por Julián Sanz del Río.
260 ## - PUBLICACIÓN, DISTRIBUCIÓN, ETC.
Lugar de publicación, distribución, etc. Madrid :
Nombre del editor, distribuidor, etc. [s.n.],
Fecha de publicación, distribución, etc. 1862 (
Fabricante Imp. de Manuel Galiano)
300 ## - DESCRIPCIÓN FÍSICA
Extensión 29 [i.e. 47] p. ;
Dimensiones 21 cm.
515 ## - NOTA DE PECULIARIDADES DE LA NUMERACIÓN
Nota de peculiaridades de la numeración Error tip. de pag., en p. 47 consta 29.
530 ## - NOTA DISPONIBLE DE FORMULARIO FÍSICO ADICIONAL
Nota de formato físico adicional disponible Disponible en formato digital.
594 ## - Nota al título y mención de responsabilidad
Nota al título y mención de responsabilidad Tít. tomado de principio del texto; autor tomado del Catálogo de la BNE.
650 #4 - PUNTO DE ACCESO ADICIONAL DE MATERIA--TÉRMINO DE MATERIA
Término de materia o nombre geográfico como elemento de entrada Filosofía-
Subdivisión de forma Programas de estudio.
9 (RLIN) 174732
650 #7 - PUNTO DE ACCESO ADICIONAL DE MATERIA--TÉRMINO DE MATERIA
Término de materia o nombre geográfico como elemento de entrada Psicología-
Subdivisión general Currículo educativo
Fuente del encabezamiento o término
9 (RLIN) 174733
852 4# - LOCALIZACIÓN
Ubicación ES-MaACL
Número de control de estantería T-73-F-11
852 4# - LOCALIZACIÓN
Ubicación ES-MaACL
Número de control de estantería T-83-F-3
852 4# - LOCALIZACIÓN
Ubicación ES-MaACL
Número de control de estantería T-85-F-12
Nota libre - Falto de cub. original y port.
856 4# - LOCALIZACIÓN Y ACCESO ELECTRÓNICOS
Identificador Uniforme de Recursos <a href="http://bdh-rd.bne.es/viewer.vm?id=0000110002&page=1 ">http://bdh-rd.bne.es/viewer.vm?id=0000110002&page=1 </a>
Nota pública Biblioteca Digital Hispánica
Holdings
Estatus retirado Estado de pérdida Estado de daño No para préstamo Colección Biblioteca de origen Biblioteca actual Ubicación en estantería Fecha de adquisición Fuente de adquisición Total de préstamos Signatura topográfica completa Código de barras Visto por última vez Precio de reemplazo Tipo de ítem Koha
        Colección de folletos Biblioteca del Ateneo de Madrid Biblioteca del Ateneo de Madrid Depósito folletos 03/07/2005     T-73-F-11 1202265 23/02/2023 23/02/2023 Folleto
        Colección de folletos Biblioteca del Ateneo de Madrid Biblioteca del Ateneo de Madrid Depósito folletos 18/09/2008     T-85-F-12 1177929 23/02/2023 23/02/2023 Folleto
        Colección de folletos Biblioteca del Ateneo de Madrid Biblioteca del Ateneo de Madrid Depósito folletos 11/07/2005     T-83-F-3 1202317 23/02/2023 23/02/2023 Folleto